Name Every US State - No Map - Statistics

General Stats
  • This quiz has been taken 1,901 times
  • The average score is 43 of 50
Answer Stats
Answer % Correct
Alabama
96%
California
95%
New York
94%
Alaska
93%
Florida
93%
North Dakota
92%
Arizona
91%
Arkansas
91%
South Dakota
91%
Texas
91%
Colorado
90%
Georgia
90%
North Carolina
90%
Washington
90%
Hawaii
89%
New Mexico
89%
South Carolina
89%
Maine
87%
Ohio
87%
Kentucky
86%
Mississippi
86%
Oregon
86%
Delaware
85%
Idaho
85%
Kansas
85%
Nevada
85%
New Jersey
85%
Virginia
85%
Illinois
84%
Iowa
84%
Michigan
84%
Connecticut
83%
Indiana
83%
Montana
83%
New Hampshire
83%
West Virginia
83%
Louisiana
82%
Rhode Island
82%
Wyoming
82%
Minnesota
81%
Pennsylvania
81%
Tennessee
81%
Utah
81%
Vermont
81%
Massachusetts
80%
Oklahoma
79%
Maryland
78%
Wisconsin
77%
Missouri
76%
Nebraska
76%
No matching quizzes found
Score Distribution
Percent of People with Each Score
Percentile by Number Answered
Your Score History
You have not taken this quiz